| 000 | 01456cam a22003014a 4500 | ||
|---|---|---|---|
| 999 |
_c331929 _d331929 |
||
| 001 | 12553512 | ||
| 003 | NUST | ||
| 005 | 20171102125450.0 | ||
| 008 | 011002s2002 fluaf b 001 0 eng | ||
| 010 | _a 2001052466 | ||
| 020 | _a1566769485 (alk. paper) | ||
| 040 |
_aDLC _cDLC _dDLC |
||
| 042 | _apcc | ||
| 050 | 0 | 0 |
_aTD758 _b.M84 2002 |
| 082 | 0 | 0 |
_a628.35 MUE _221 |
| 100 | 1 |
_aMueller, James A. _95872 |
|
| 245 | 1 | 0 |
_aAeration : _bprinciples and practice / _cJames A. Mueller, William C. Boyle, H. Johannes Pöpel ; with significant contributions from Martin Wagner, David E. Gibson, Yeong-Kwan Kim. |
| 260 |
_aBoca Raton : _bCRC Press, _cc2002. |
||
| 300 |
_a353 p., [4] p. of plates : _bill. (some col.) ; _c25 cm. |
||
| 440 | 0 |
_aWater quality management library ; _vv. 11 _95873 |
|
| 500 | _aH.B | ||
| 504 | _aIncludes bibliographical references and index. | ||
| 650 | 0 |
_aSewage _xPurification _xAeration. _95874 |
|
| 700 | 1 |
_aBoyle, William C. _q(William Charles), _d1936- _95875 |
|
| 700 | 1 |
_aPöpel, H. Johannes. _95876 |
|
| 856 | 4 | 1 |
_3Table of contents only _uhttp://www.loc.gov/catdir/toc/fy022/2001052466.html |
| 856 | 4 | 2 |
_3Publisher description _uhttp://www.loc.gov/catdir/enhancements/fy0646/2001052466-d.html |
| 906 |
_a7 _bcbc _corignew _d1 _eocip _f20 _gy-gencatlg |
||
| 942 |
_2ddc _cBK _kIESE |
||